| 000 | 00745nam a2200217 a 4500 | ||
|---|---|---|---|
| 001 | 000029985 | ||
| 003 | DO-SdBNP | ||
| 005 | 20250709122228.0 | ||
| 008 | 110428s2003 dr 000 0 spa d | ||
| 040 |
_aDO-SdBNP _bspa _cBNPHU |
||
| 049 | _aBNPD | ||
| 082 | 4 |
_axxx _bU58p |
|
| 110 |
_aUniversidad Abierta para Adultos (Santiago de los Caballeros, República Dominicana) _981179 |
||
| 245 | 1 | 0 |
_aUAPA : décimo primera graduación ordinaria : _bprograma |
| 260 |
_aSantiago de los Caballeros, _c2003. |
||
| 300 |
_a29 p. ; _c23 cm. |
||
| 650 | 7 |
_aUniversidades _zRepública Dominicana _985564 |
|
| 650 | 7 |
_aTítulos académicos _zRepública Dominicana _982000 |
|
| 650 | 0 |
_aEducación superior _zRepública Dominicana _9736 |
|
| 942 |
_2ddc _cLF2 |
||
| 999 |
_c29477 _d29477 |
||